J 2EE Technologies / (Record no. 38103)

MARC details
000 -LEADER
fixed length control field 00665nam a22001937a 4500
005 - DATE AND TIME OF LATEST TRANSACTION
control field 20100728145536.0
010 ## - LCCN (DPL NO)
LC control number ENG-97213
020 ## - INTERNATIONAL STANDARD BOOK NUMBER
International Standard Book Number 9789380024950
Terms of availability 80.00
035 ## - SYSTEM CONTROL NUMBER
System control number EN-80746
037 ## - SOURCE OF ACQUISITION
Source of stock number/acquisition DBAD/PUB
082 ## - DEWEY DECIMAL CLASSIFICATION NUMBER
Classification number 005.2762
100 ## - MAIN ENTRY--PERSONAL NAME
Personal name Lalitha, V
245 ## - TITLE STATEMENT
Title J 2EE Technologies /
Statement of responsibility, etc by V Lalitha
260 ## - PUBLICATION, DISTRIBUTION, ETC. (IMPRINT)
Place of publication, distribution, etc Erode
Name of publisher, distributor, etc Pallavi Publications S. India
Date of publication, distribution, etc 2009
270 ## - ADDRESS
Address 194, Kanna Complex, Mettur Road
City Erode
Postal code 11
300 ## - PHYSICAL DESCRIPTION
Extent 114p.
Dimensions 21cm. (pbk)
942 ## - ADDED ENTRY ELEMENTS (KOHA)
Source of classification or shelving scheme Dewey Decimal Classification
Item type English Books
Classification part 005.2762
Call number suffix LAL
Holdings
Withdrawn status Lost status Not for loan Collection code Home library Current library Date acquired Source of acquisition Cost, normal purchase price Full call number Barcode Copy number Cost, replacement price Koha item type
    Not For Loan Non-fiction D.B.Act.Division D.B.Act.Division 28/07/2010 DBAD/PUB 80.00 005.2762 LAL EN-80746 1 80.00 English Books

© Delhi Public Library
Hit Counter
free hit counter